ORIGIN OF PRESCHOOL ESTABLISHMENTS IN BRATISLAVA

Bibliographic Details
Main Author: Hladíková, Božena (Author)
Format: Article
Language:English
ISBN:8070981822
Subjects:

MARC

LEADER 00000naa a2200000 a 4500
001 vtls011850120
003 SK-MaSNL
005 20260302134133.0
008 210910|1999 xo |||||||||||||||||eng|
015 |a SNBCL 
035 |a (urnnbn)urn:nbn:sk:snk:ar-a0arc4 
035 |a urn:nbn:sk:snk-aaw5cd 
035 |a (uuid)830661c0-a3fc-4d3f-ba42-6002f7fbb0cb 
040 |a SNKBUCL  |b slo  |c SNKBUCL  |e AACR2 
041 |a eng 
044 |a xo  |c SK 
100 1 |a Hladíková, Božena  |4 aut  |9 821474 
245 1 0 |a ORIGIN OF PRESCHOOL ESTABLISHMENTS IN BRATISLAVA  |c Božena Hladíková 
336 |a text  |b txt  |c rdacontent 
337 |a bez média  |b n  |c rdamedia 
338 |a zväzok  |b nc  |c rdacarrier 
655 7 |a články zo zborníkov  |2 snkbucl  |9 166140 
773 0 |t History of Preschool Education in Slovakia  |d Bratislava : Institute of Information and Prognoses of Education, 1999  |g S. 66-70  |z 8070981822 
958 |a OND 
958 |a article26 
958 |a chapter 
999 |c 1320160  |d 1322090